000 00856nam a2200229Ia 4500
001 L235-8495
003 IT-CnALBA
008 170116s9999||||xx |||||||||||||| ||und||
040 _aIT-CnALBA
_cIT-CnALBA
041 _aITALIANO
100 _aFEDERICI EMIDIO.
245 0 _aBEATA M. BERTILLA BOSCARDIN.'
250 _a1a ed.
260 _a VICENZA
_bSUORE MAESTRE DI S. DOROTEA
_c1952 [1° Ed.:1952 - Ed.Ling.Originale: 1952]
300 _a32 p.
500 _aVIRTÙ E VITA DELLA SANTA BERTILLA BOSCARDIN DELLE SUORE DOROTEE DEI SACRI CUORI.'
501 _aSocietà San Paolo EM - Piazza San Paolo, 14 - 12051 ALBA (CN) (non commercial uses only) ® Copyright 2017
520 _aVIRTÙ E VITA DELLA SANTA BERTILLA BOSCARDIN DELLE SUORE DOROTEE DEI SACRI CUORI.'
650 _aMARIA SS. ANGELI SANTI DEMONI
942 _cBK
957 _71
999 _a9471
_bNO
_g Copie: 1
_c267673
_d267673